Družba narodiv. Repertuarnyj zbirnyk piseň dlja mišanych ta dytjačych choriv.
Uložené v:
| Hlavný autor: | |
|---|---|
| Médium: | Kniha |
| Jazyk: | Slovak |
| Vydané: |
Bratislava,
1976.
|
| Fyzický popis: |
64 strán. |
| Tagy: |
Pridať tag
Žiadne tagy, Buďte prvý kto otaguje tento záznam!
|
Titul je dostupný aj v ... 

MARC
| LEADER | 00000nam a22000002i 4500 | ||
|---|---|---|---|
| 001 | 000625234 | ||
| 005 | 20200413212855.0 | ||
| 008 | 191112s1976 xo e 000 0 slo d | ||
| 020 | |c Kčs 10,00 |q (brožované) | ||
| 040 | |a SVKKK |b slo |c SVKKK |e rda | ||
| 100 | 1 | |a Karško, Andrij | |
| 245 | 1 | 0 | |a Družba narodiv. Repertuarnyj zbirnyk piseň dlja mišanych ta dytjačych choriv. |
| 264 | 1 | |a Bratislava, |c 1976. | |
| 300 | |a 64 strán. | ||
| 336 | |a text |b txt |2 rdacontent | ||
| 337 | |a bez média |b n |2 rdamedia | ||
| 338 | |a zväzok |b nc |2 rdacarrier | ||
| 500 | |a Záznam revízie | ||
| 910 | |a svkkk | ||
| 998 | |a BK | ||
| 090 | |g SCKHL |k Sklad Pribinova 3. posch. |a V.99531 |j 556917 |i 2721196537 |s Povinný výt. | ||
| 090 | |g SCKHL |k Sklad Pribinova 3. posch. |a V.99532 |j 556918 |i 2721196536 |s Povinný výt. | ||